| 000 | 03204nam a2200469 a 4500 | ||
|---|---|---|---|
| 001 | 000103092 | ||
| 003 | CHAP | ||
| 005 | 20251203144420.0 | ||
| 007 | cr ||||||a|c|a | ||
| 008 | 101025s2010 mx r 00010 spa d | ||
| 035 | _a111213 | ||
| 040 | _cCHAP | ||
| 090 | _aTesis | ||
| 100 | 1 |
_aGarcía Hernández, Antonino. _946109 |
|
| 245 | 1 | 0 |
_aIdentificación de orquídeas nativas del municipio de Santa María Zaniza, Sola de Vega, Oaxaca _c/por Antonino García Hernández; director Isaias Gil Vázquez |
| 264 | 1 |
_aChapingo, Méx. : _bEl autor, _c2010. |
|
| 300 |
_a1 recurso en línea (140 páginas): _bCuadros, figuras |
||
| 336 |
_2rdacontent _atexto _btxt |
||
| 337 |
_2rdamedia _acomputadora _bc |
||
| 338 |
_2rdacarrier _arecursos en linea _bcr |
||
| 502 |
_bIAEF _cFitotecnia _d2010 _gLIC |
||
| 520 | _aMéxico es un país con gran diversidad y endemismo de orquídeas, sin embargo, aún existen zonas de nuestro país que faltan por estudiarse. El municipio de Santa María Zaniza, Oaxaca. Está en un área con gran diversidad de orquídeas, incluye especie de climas templados y tropicales esto debido al contraste de altitud y el efecto sotavento- barlovento lo que favorece varios microclimas. Así, los objetivos de este trabajo fueron enlistar y enumerar las orquídeas del municipio de Santa María Zaniza, y elaborar un catálogo con las imágenes de las orquídeas tomando en cuenta los aspectos de distribución y ecología y ubicar un orquidario ubicada en la comunidad de Santa María Zaniza, Oax. La metodología utilizada en el presente trabajo se enfocó en la identificación de especies que existen en este Municipio de Santa María Zaniza, del estado de Oaxaca, con base en comparación visual de libros especializados en el tema, así como el apoyo de páginas web y comparación con plantas del orquidario de preparatoria agrícola de la UACh. Para casos especiales se utilizaron plantas deshidratadas que se obtuvieron a través de recorridos de campos mensuales, la descripción botánica y ecológica de cada especie que incluyo en una ficha individual por cada planta. Los resultados obtenidos indicaron que existen 88 especies de orquídeas en la zona de estudio, de las cuales 82 se identificaron a nivel de especie y 6 a nivel de género. Asimismo, se estableció un orquidario dentro del municipio en su hábitat natural. | ||
| 590 |
_aALEPH _b10 _c20130110 |
||
| 590 |
_aBATCH-UPD _b10 _c20130110 |
||
| 590 |
_aBATCH-UPD _b10 _c20130410 |
||
| 590 |
_aBATCH-UPD _b10 _c20130914 |
||
| 590 |
_aBATCH-UPD _b10 _c20140324 |
||
| 590 |
_aBATCH-UPD _b10 _c20141002 |
||
| 590 |
_aCONVERSION _b10 _c20130109 |
||
| 590 |
_aE11695DGD _b10 _c20160506 |
||
| 650 | 0 | 4 |
_aOrquidáceas _xClasificación. _983725 |
| 650 | 0 | 4 |
_aOrquidáceas _xOaxaca. _983730 |
| 650 | 0 | 4 |
_aOrquidáceas _xVariedades. _983739 |
| 700 | 0 |
_aGil Vázquez, Isaías _947959 _eDirector |
|
| 856 |
_uhttp://10.13.5.2/tesis/111213.pdf _zDESCARGAR PDF |
||
| 901 | _aBK | ||
| 942 |
_cTD _2Clasificación Universidad Autónoma Chapingo |
||
| 949 |
_bBC _cTES _d33724002219264 _eTS1 _h51273 _i111213 _sb |
||
| 949 |
_bBC _cTES _d33724002219306 _eTS2 _fc.2 _h51274 _i111213 _sb |
||
| 999 |
_c99555 _d99555 |
||